000
00279nam a22001217a 4500
082
_a
030KNA/L-6
_b
030
100
_a
KNAPP,BRIAN
245
_a
SCIENCE IN OUR WORLD:LIGHT
260
_a
UK
_b
ATLANTIC EUROPE PUBLISHING
300
_a
48
650
_a
GENERAL KNOWLEDGE
_z
UK
942
_c
BK
999
_c
2027
_d
2027